| 000 | 00540nam a2200181Ia 4500 | ||
|---|---|---|---|
| 003 | GCL | ||
| 008 | 140319s9999 xx 000 0 ara d | ||
| 040 |
_aGCL / _cGCL |
||
| 082 | 0 | 4 |
_a820 _bا ت |
| 100 | 1 | _aبيرجيس، انطون | |
| 245 | 1 | 0 |
_aتاريخ الادب الانجليزى / _cبيرجيس، انطون |
| 260 |
_a[S.N] : _bدار طلاس للدراسات والترجمة ، _c1990 |
||
| 300 | _a334 ص | ||
| 490 | _a | ||
| 650 | 0 | 4 | _aالادب الانجليزى |
| 650 | 0 | 4 | _aتاريخ ونقد |
| 942 |
_2ddc _cBK |
||
| 999 |
_c42856 _d42856 |
||